000 00756nam a2200217Ii 4500
003 JO-AjNU
008 230605s9999||||xx |||||||||||||| ||und||
017 _a1998/17099
020 _a977-01-6022-9
040 _aJO-AjNU
_bara
_erda
_cJO-AjNU
041 _aara
050 1 4 _aPJ7862.A95.A17 1999
100 3 _aتأليف سويلم، أحمد,
_eauthor
_939457
245 0 0 _aالمسرحيات الشعرية، المجلد الأول
264 3 1 _aالقاهرة: الهيئة المصرية العامة للكتاب، 1999
300 _aمج1، 346ص
336 _atext
_btxt
_2rdacontent
337 _aunmediated
_bn
_2rdamedia
338 _avolume
_bnc
_2rdacarrier
650 4 _aالشعر العربي - المسرحيات الشعرية
_939458
999 _aA16665
_c20233
_d20233